000
00296nam a2200133Ia 4500
005
20251222141917.0
008
251222s9999||||xx |||||||||||||| ||spa||
020
_a
84-8280-325-5
082
_a
820/H98
100
_a
Huxley, Aldous
245
0
_a
Contrapunto
264
_b
Oveja Negra
942
_c
LIB
999
_c
8598
_d
8598